000 00643nam a2200181Ia 4500
008 090124s9999 xx 000 0 und d
082 _b19923
100 _aक्षीरसागर शंकर धोंडो
245 _a सती सावित्री
250 _a0
260 _bशंकर धोंडे क्षीरसागर
_c1945
300 _a105
600 _aक्षीरसागर शंकर धोंडो
630 _a सती सावित्री
700 _aक्षीरसागर शंकर धोंडो
730 _a सती सावित्री
942 _cBOOK
999 _c90662
_d90662